Statistieken voor Zoek Het Geheime Land Met Kleurenhints #1

Klik hier om de quiz te nemen!

Algemene statistieken

  • Deze quiz is 17.080 keer genomen
  • De gemiddelde score is 45 van 196

Antwoorden op de kaart

Antwoorden kleurgecodeerd door een groen-rode schaal op de quizkaart volgens % correct hieronder.
 

Antwoordstatistieken

Land% Correct
Nederland
75%
België
63%
Duitsland
60%
Rusland
58%
Frankrijk
56%
Polen
47%
Verenigde Staten
47%
Spanje
45%
China
40%
Italië
40%
Oostenrijk
40%
Verenigd Koninkrijk
38%
Zwitserland
37%
Denemarken
36%
Noorwegen
36%
Zweden
35%
Canada
33%
Luxemburg
32%
Brazilië
31%
Tsjechië
31%
Australië
30%
IJsland
28%
Finland
27%
Griekenland
27%
Zuid-Afrika
27%
Ierland
26%
Marokko
26%
Mexico
26%
Portugal
26%
Egypte
25%
Hongarije
25%
India
25%
Japan
25%
Kroatië
25%
Oekraïne
25%
Turkije
25%
Argentinië
24%
Democratische Republiek Congo
24%
Liechtenstein
24%
Republiek Congo
24%
Algerije
23%
Malta
23%
Servië
23%
Slowakije
23%
Albanië
22%
Belarus
22%
Bosnië en Herzegovina
22%
Bulgarije
22%
Chili
22%
Estland
22%
Indonesië
22%
Kosovo
22%
Monaco
22%
Nieuw-Zeeland
22%
Roemenië
22%
San Marino
22%
Vaticaanstad
22%
Andorra
21%
Angola
21%
Colombia
21%
Cyprus
21%
Irak
21%
Iran
21%
Kazachstan
21%
Letland
21%
Libië
21%
Litouwen
21%
Mali
21%
Mongolië
21%
Niger
21%
Panama
21%
Peru
21%
Tunesië
21%
Afghanistan
20%
Armenië
20%
Azerbeidzjan
20%
Belize
20%
Bolivia
20%
Botswana
20%
Centraal-Afrikaanse Republiek
20%
Costa Rica
20%
Cuba
20%
Dominicaanse Republiek
20%
Ecuador
20%
Ethiopië
20%
Fiji
20%
Filipijnen
20%
Georgië
20%
Ghana
20%
Guatemala
20%
Honduras
20%
Israël
20%
Jemen
20%
Kenia
20%
Kiribati
20%
Laos
20%
Lesotho
20%
Madagaskar
20%
Moldavië
20%
Montenegro
20%
Namibië
20%
Nepal
20%
Nicaragua
20%
Nigeria
20%
Noord-Korea
20%
Noord-Macedonië
20%
Oeganda
20%
Oezbekistan
20%
Oman
20%
Pakistan
20%
Palau
20%
Papoea-Nieuw-Guinea
20%
Paraguay
20%
Saoedi-Arabië
20%
Senegal
20%
Soedan
20%
Somalië
20%
Suriname
20%
Syrië
20%
Taiwan
20%
Thailand
20%
Tsjaad
20%
Uruguay
20%
Venezuela
20%
Verenigde Arabische Emiraten
20%
Vietnam
20%
Zambia
20%
Zimbabwe
20%
Zuid-Korea
20%
Antigua en Barbuda
19%
Bahama's
19%
Bahrein
19%
Bangladesh
19%
Barbados
19%
Benin
19%
Bhutan
19%
Brunei
19%
Burkina Faso
19%
Burundi
19%
Cambodja
19%
Comoren
19%
Djibouti
19%
Dominica
19%
El Salvador
19%
Equatoriaal-Guinea
19%
Eritrea
19%
Eswatini
19%
Gabon
19%
Gambia
19%
Geheime Land
19%
Grenada
19%
Guinee
19%
Guinee-Bissau
19%
Guyana
19%
Haïti
19%
Ivoorkust
19%
Jamaica
19%
Jordanië
19%
Kaapverdië
19%
Kameroen
19%
Kirgizië
19%
Koeweit
19%
Libanon
19%
Liberia
19%
Malawi
19%
Maldiven
19%
Maleisië
19%
Marshalleilanden
19%
Mauritanië
19%
Mauritius
19%
Micronesia
19%
Mozambique
19%
Myanmar
19%
Nauru
19%
Oost-Timor
19%
Qatar
19%
Rwanda
19%
Saint Kitts en Nevis
19%
Saint Lucia
19%
Saint Vincent en de Grenadines
19%
Salomonseilanden
19%
Samoa
19%
Sao Tomé en Principe
19%
Seychellen
19%
Sierra Leone
19%
Singapore
19%
Sri Lanka
19%
Tadzjikistan
19%
Tanzania
19%
Togo
19%
Tonga
19%
Trinidad en Tobago
19%
Turkmenistan
19%
Tuvalu
19%
Vanuatu
19%
Zuid-Soedan
19%

Scoreverdeling

Percentiel versus Aantal Correcte Antwoorden

Procent van Mensen met Elke Score

Uw Scoregeschiedenis

U heeft deze quiz nog niet genomen